Aram Issabekian / (Record no. 528551)
[ view plain ]
| 000 -LEADER | |
|---|---|
| fixed length control field | 00595nam a2200217 4500 |
| 001 - CONTROL NUMBER | |
| control field | 901129 |
| 003 - CONTROL NUMBER IDENTIFIER | |
| control field | AM-YEHGA |
| 005 - DATE AND TIME OF LATEST TRANSACTION | |
| control field | 20260403144613.0 |
| 008 - FIXED-LENGTH DATA ELEMENTS--GENERAL INFORMATION | |
| fixed length control field | 140331q19?? ai a||||r|||||000|0deng|d |
| 040 ## - CATALOGING SOURCE | |
| Original cataloging agency | AM-YEHGA |
| 041 0# - LANGUAGE CODE | |
| Language code of text/sound track or separate title | eng |
| 041 0# - LANGUAGE CODE | |
| Language code of text/sound track or separate title | arm |
| 100 1# - MAIN ENTRY--PERSONAL NAME | |
| Personal name | Issabekian, Aram |
| 245 10 - TITLE STATEMENT | |
| Title | Aram Issabekian / |
| Statement of responsibility, etc. | A. Issabekian ; Igitian Modern Art Gallery. |
| 260 ## - PUBLICATION, DISTRIBUTION, ETC. | |
| Place of publication, distribution, etc. | Yerevan : |
| Name of publisher, distributor, etc. | Tigran Mets, |
| Date of publication, distribution, etc. | [19??]. |
| 300 ## - PHYSICAL DESCRIPTION | |
| Extent | [48] p. ; |
| Other physical details | ill. ; |
| Dimensions | 29 cm. |
| 650 14 - SUBJECT ADDED ENTRY--TOPICAL TERM | |
| Topical term or geographic name entry element | Painting, Armenian |
| 650 14 - SUBJECT ADDED ENTRY--TOPICAL TERM | |
| Topical term or geographic name entry element | Painters |
| Geographic subdivision | Armenia (Republic) |
| 710 2# - ADDED ENTRY--CORPORATE NAME | |
| Corporate name or jurisdiction name as entry element | Igitian modern art gallery |
| 942 ## - ADDED ENTRY ELEMENTS (KOHA) | |
| Source of classification or shelving scheme | Universal Decimal Classification |
| Koha item type | Գրքեր / Books |
| Withdrawn status | Lost status | Damaged status | Not for loan | Collection | Home library | Current library | Date acquired | Total checkouts | Full call number | Barcode | Date last seen | Price effective from | Koha item type | Public note | Source of classification or shelving scheme |
|---|---|---|---|---|---|---|---|---|---|---|---|---|---|---|---|
| General | Fundamental Scientific Library | Fundamental Scientific Library | 28/09/2023 | И III/22341 | FL0680410 | 28/09/2023 | 28/09/2023 | Գրքեր / Books | 30 Days Loan | ||||||
| General | Fundamental Scientific Library | Fundamental Scientific Library | 30/01/2026 | И III/22570 | FL0702919 | 30/01/2026 | 30/01/2026 | Գրքեր / Books | 30 Days Loan | Universal Decimal Classification |
ՀՀ Գիտությունների ազգային ակադեմիայի հիմնարար գիտական գրադարան = Fundamental Scientific Library of NAS RA
All site content, except where otherwise noted, is licensed under a